Quiero a mi papá porque-- = (Record no. 19332)

MARC details
000 -LEADER
fixed length control field 02233cam a2200517 a 4500
001 - CONTROL NUMBER
control field sjds1106806
003 - CONTROL NUMBER IDENTIFIER
control field sjds
005 - DATE AND TIME OF LATEST TRANSACTION
control field 20190326211805.0
008 - FIXED-LENGTH DATA ELEMENTS--GENERAL INFORMATION
fixed length control field 040729s2004 nyua j 000 1 spa d
010 ## - LIBRARY OF CONGRESS CONTROL NUMBER
LC control number 2004556367
020 ## - INTERNATIONAL STANDARD BOOK NUMBER
International Standard Book Number 9780525472513 (Board)
020 ## - INTERNATIONAL STANDARD BOOK NUMBER
International Standard Book Number 0525472517 (Board)
035 ## - SYSTEM CONTROL NUMBER
System control number 327921
035 ## - SYSTEM CONTROL NUMBER
System control number (OCoLC)55057711
035 ## - SYSTEM CONTROL NUMBER
System control number 327921
040 ## - CATALOGING SOURCE
Original cataloging agency MPI
Transcribing agency MPI
Modifying agency DLC
-- BAKER
-- BTCTA
-- UtOrBLW
041 1# - LANGUAGE CODE
Language code of text/sound track or separate title spa
-- eng
Language code of original eng
049 ## - LOCAL HOLDINGS (OCLC)
Holding library IFAA
099 ## - LOCAL FREE-TEXT CALL NUMBER (OCLC)
Filing suffix 2004
100 1# - MAIN ENTRY--PERSONAL NAME
Personal name Porter-Gaylord, Laurel,
Relator term author.
245 10 - TITLE STATEMENT
Title Quiero a mi papá porque-- =
Remainder of title I love my daddy because-- /
Statement of responsibility, etc. Laurel Porter-Gaylord ; pictures by Ashley Wolff ; [Spanish translation by Eida de la Vega].
246 31 - VARYING FORM OF TITLE
Title proper/short title I love my daddy because--
250 ## - EDITION STATEMENT
Edition statement Bilingual board-book edition.
260 ## - PUBLICATION, DISTRIBUTION, ETC. (IMPRINT)
Place of publication, distribution, etc. New York, N.Y. :
Name of publisher, distributor, etc. Dutton Children's Books,
Date of publication, distribution, etc. 2004.
264 #1 - PRODUCTION, PUBLICATION, DISTRIBUTION, MANUFACTURE, AND COPYRIGHT NOTICE
Place of production, publication, distribution, manufacture New York, N.Y. :
Name of producer, publisher, distributor, manufacturer Dutton Children's Books,
Date of production, publication, distribution, manufacture, or copyright notice 2004.
300 ## - PHYSICAL DESCRIPTION
Extent 1 volume (unpaged) :
Other physical details color illustrations ;
Dimensions 20 cm
336 ## - CONTENT TYPE
Content type term text
Content type code txt
Source rdacontent
337 ## - MEDIA TYPE
Media type term unmediated
Media type code n
Source rdamedia
338 ## - CARRIER TYPE
Carrier type term volume
Carrier type code nc
Source rdacarrier
500 ## - GENERAL NOTE
General note Cover title.
500 ## - GENERAL NOTE
General note On board pages = Libro en páginas de cartón duro.
520 ## - SUMMARY, ETC.
Summary, etc. Mientras la niña en este libro nos cuenta de todas las cosas que su padre hace para ella, el libro muestra y nombra padres animales cuidando a sus hijos.
520 ## - SUMMARY, ETC.
Summary, etc. Familiar phrases from a preschooler's world give a child's-eye view of being an animal baby. Many different animal fathers are shown caring for their young.
546 ## - LANGUAGE NOTE
Language note Parallel text in Spanish and English = Textos paralelos en español e inglés.
650 #0 - SUBJECT ADDED ENTRY--TOPICAL TERM
Topical term or geographic name as entry element Father and child
Form subdivision Juvenile fiction.
650 #0 - SUBJECT ADDED ENTRY--TOPICAL TERM
Topical term or geographic name as entry element Animals
Form subdivision Juvenile fiction.
650 #0 - SUBJECT ADDED ENTRY--TOPICAL TERM
Topical term or geographic name as entry element Spanish language materials
General subdivision Bilingual
Form subdivision Juvenile literature.
650 #7 - SUBJECT ADDED ENTRY--TOPICAL TERM
Topical term or geographic name as entry element Padre e hijos
Form subdivision Novela juvenil.
Source of heading or term bidex
650 #7 - SUBJECT ADDED ENTRY--TOPICAL TERM
Topical term or geographic name as entry element Animales
Form subdivision Novela juvenil.
Source of heading or term bidex
650 #7 - SUBJECT ADDED ENTRY--TOPICAL TERM
Topical term or geographic name as entry element Materiales bilingües en español
Form subdivision Literatura juvenil.
Source of heading or term bidex
700 12 - ADDED ENTRY--PERSONAL NAME
Personal name Porter-Gaylord, Laurel.
Title of a work I love my daddy because--.
Language of a work English.
700 12 - ADDED ENTRY--PERSONAL NAME
Personal name Porter-Gaylord, Laurel.
Title of a work I love my daddy because--.
Language of a work Spanish.
700 1# - ADDED ENTRY--PERSONAL NAME
Personal name Wolff, Ashley.
700 1# - ADDED ENTRY--PERSONAL NAME
Personal name Vega, Eida de la.
942 ## - ADDED ENTRY ELEMENTS (KOHA)
Koha item type Libro/Book
Holdings
Withdrawn status Lost status Damaged status Not for loan Home library Current library Date acquired Total Checkouts Total Renewals Barcode Checked out Date last seen Date checked out Price effective from Koha item type Inventory number Source of classification or shelving scheme
        La Puerta Biblioteca -- Satellite La Puerta Biblioteca -- Satellite 09/04/2018 26 3 40302127 23/05/2018 07/04/2025 07/04/2025 09/04/2018 Libro/Book    
        La Puerta Biblioteca -- Satellite La Puerta Biblioteca -- Satellite 17/04/2018 7   40302080 23/05/2018 07/04/2025 07/04/2025 17/04/2018 Libro/Book    
        Las Brisas 2 -- Satellite Las Brisas 2 -- Satellite 15/04/2019     40101790   15/04/2019   15/04/2019 Libro/Book   Dewey Decimal Classification
        Zaragoza -- Satellite San Juan Del Sur -- Biblioteca 15/04/2019 2   35500799 28/12/2022 23/11/2022 23/11/2022 15/04/2019 Libro/Book Checked out from 2022- Feb 2025  

Powered by Koha